Music Quiz

Random Music or Bands Quiz
Score 0/150 Timer 20:00
5 Plays Today
Songs Band % Correct
Bohemian Rhapsody
Another One Bites the Dust
Don't Stop Me Now
Queen
85.9%
Get Back
Help!
Hey Jude
The Beatles
84.9%
Stairway to Heaven
Whole Lotta Love
Immigrant Song
Led Zeppelin
83.4%
Every Breath You Take
Roxanne
Message in a Bottle
The Police
82.8%
Witchy Woman
Life in the Fast Lane
Hotel California
Eagles
82.6%
Livin' on a Prayer
Wanted Dead or Alive
Bad Medicine
Bon Jovi
82.5%
God Only Knows
Good Vibrations
Surfin' USA
The Beach Boys
80.5%
Gimme Shelter
Sympathy for the Devil
Jumpin' Jack Flash
The Rolling Stones
79.3%
My Generation
Behind Blue Eyes
Pinball Wizard
The Who
78.9%
Sweet Emotion
Dream On
Dude Looks Like A Lady
Aerosmith
78.8%
With Or Without You
Where the Streets Have No Names
Sunday Bloody Sunday
U2
78%
T.N.T.
Thunderstruck
Hells Bells
AC/DC
77.4%
Don't Stop Believin'
Open Arms
Any Way You Want It
Journey
77.4%
Paradise City
November Rain
Welcome to the Jungle
Guns n' Roses
77.4%
To Love Somebody
I Started a Joke
Stayin' Alive
Bee Gees
77%
Mrs. Robinson
Bridge Over Troubled Water
The Sound of Silence
Simon & Garfunkel
76.3%
Hold the Line
Rosanna
Africa
Toto
75.8%
Comfortably Numb
Money
Shine On You Crazy Diamond
Pink Floyd
75.6%
Castles Made of Sand
Voodoo Child (Slight Return)
Purple Haze
The Jimi Hendrix Experience
74.8%
Highway Star
Hush
Smoke on the Water
Deep Purple
73.2%
School's Out
No More Mr. Nice Guy
I'm Eighteen
Alice Cooper
73.1%
Redemption Song
I Shot the Sheriff
No Woman No Cry
Bob Marley & the Wailers
72.8%
Rock the Casbah
London Calling
Train in Vain (Stand By Me)
The Clash
72.6%
Thunder Road
Born to Run
The River
Bruce Springsteen & the E Street Band
72.1%
Detroit Rock City
I Was Made for Lovin' You
Rock and Roll All Nite
Kiss
71.7%
Iron Man
Paranoid
Changes
Black Sabbath
71.5%
Carry on Wayward Son
Point of Know Return
Dust in the Wind
Kansas
71.4%
Break on Through
Hello, I Love You
Riders on the Storm
The Doors
70.8%
American Girl
Refugee
Free Fallin'
Tom Petty & the Heartbreakers
70.3%
Twisting by the Pool
Sultans of Swing
Money for Nothing
Dire Straits
70.1%
Call Me
Heart of Glass
Rapture
Blondie
69.8%
Sweet Home Alabama
Free Bird
Gimmie Three Steps
Lynyrd Skynyrd
69.7%
Tusk
Go Your Own Way
Don't Stop
Fleetwood Mac
69%
Fortunate Son
Have You Ever Seen the Rain?
Down on the Corner
Creedence Clearwater Revival
69%
A View To A Kill
Hungry Like the Wolf
Rio
Duran Duran
69%
Peace of Mind
More Than a Feeling
Foreplay|Long Time
Boston
68.9%
Eruption
Hot for Teacher
Panama
Van Halen
68.3%
I Can't Hold Back
Eye of the Tiger
The Search is Over
Survivor
68.3%
Black Magic Woman
Oye Como Va
Evil Ways
Santana
68.2%
Barracuda
Magic Man
Crazy On You
Heart
67.9%
Bad Reputation
Crimson and Clover
I Love Rock 'n' Roll
Joan Jett & the Blackhearts
67.7%
Pretty Vacant
God Save the Queen
Anarchy in the UK
Sex Pistols
67.6%
You Really Got Me
Lola
Victoria
The Kinks
67.6%
The Final Countdown
Carrie
Cherokee
Europe
66.8%
Daydream Believer
I'm A Believer
Last Train to Clarksville
The Monkees
66.7%
Love Shack
Rock Lobster
Planet Claire
The B-52's
66.6%
Pour Some Sugar On Me
Rock of Ages
Photograph
Def Leppard
66.5%
We Gotta Get out of This Place
Don't Let Me Be Misunderstood
The House of the Rising Sun
The Animals
66.3%
One
Master of Puppets
For Whom the Bell Tolls
Metallica
65.7%
Godzilla
Burnin' for You
(Don't Fear) The Reaper
Blue Öyster Cult
65.4%
Songs Band % Correct
Eternal Flame
Manic Monday
Walk Like an Egyptian
The Bangles
64.5%
Born to Be Wild
Magic Carpet Ride
Rock Me
Steppenwolf
64.3%
Sheena Is a Punk Rocker
I Wanna Be Sedated
Blitzkrieg Bop
Ramones
64.1%
Band on the Run
Silly Love Songs
Mull of Kintyre
Paul McCartney & Wings
64%
La Grange
Tush
Cheap Sunglasses
ZZ Top
64%
Rock'n Me
The Joker
Abracadabra
Steve Miller Band
64%
I Feel Free
White Room
Sunshine of Your Love
Cream
63.8%
Do You Really Want to Hurt Me
Karma Chameleon
Miss Me Blind
Culture Club
63.1%
2112
The Spirit of Radio
Tom Sawyer
Rush
61.9%
Wind of Change
No One Like You
Rock You Like a Hurricane
Scorpions
61.7%
Talk Dirty To Me
Every Rose Has Its Thorn
Fallen Angel
Poison
60.5%
Nothing's Gonna Stop Us Now
Miracles
We Built This City
Jefferson Starship
59.9%
Hot Blooded
Juke Box Hero
Cold As Ice
Foreigner
59.8%
I Wanna Rock
We're Not Gonna Take It
You Can't Stop Rock 'n' Roll
Twisted Sister
59.3%
Too Much Time On My Hands
Mr. Roboto
Come Sail Away
Styx
59%
Evil Woman
Mr. Blue Sky
Don't Bring Me Down
Electric Light Orchestra
58.7%
Sister Golden Hair
A Horse with No Name
Muskrat Love
America
57.3%
Whiskey in the Jar
Jailbreak
The Boys Are Back in Town
Thin Lizzy
57.2%
Do You Believe In Love
The Power of Love
Hip to Be Square
Huey Lewis and the News
56.6%
Girls Girls Girls
Dr. Feelgood
Kickstart My Heart
Mötley Crüe
56.5%
Everybody Wants to Rule the World
Shout
Head Over Heels
Tears for Fears
56.4%
Night Moves
Old Time Rock & Roll
Against the Wind
Bob Seger & the Silver Bullet Band
56.4%
Roundabout
Close to the Edge
Owner of a Lonely Heart
Yes
56.2%
Here I Go Again
Is This Love
Don't Break My Heart Again
Whitesnake
56%
Down Under
Overkill
Who Can It Be Now?
Men at Work
55.1%
The Ballad of You and Me and Pooneil
Somebody to Love
White Rabbit
Jefferson Airplane
55%
Whip It
Uncontrollable Urge
Jocko Homo
Devo
54.6%
Layla
Tell the Truth
Bell Bottom Blues
Derek & the Dominos
54.2%
Geno
There, There, My Dear
Come On Eileen
Dexy's Midnight Runners
53.6%
Good Girls Don't
Oh Tara
My Sharona
The Knack
52.3%
Aqualung
Locomotive Breath
Thick as a Brick
Jethro Tull
52.1%
Run to the Hills
Fear of the Dark
The Number of the Beast
Iron Maiden
51.9%
No Tell Lover
25 or 6 to 4
Hard to Say I'm Sorry
Chicago
51.8%
Jessica
Whipping Post
Ramblin' Man
The Allman Brothers Band
51.2%
Take It on the Run
Can't Fight This Feeling
Keep on Loving You
REO Speedwagon
50.7%
Invisible Touch
That's All
The Lamb Lies Down on Broadway
Genesis
50.7%
Once In A Lifetime
Life During Wartime
Psycho Killer
Talking Heads
49.7%
Ace of Spades
Bomber
Iron Fist
Motörhead
49.5%
China Grove
Long Train Runnin'
What A Fool Believes
The Doobie Brothers
49.4%
You Ain't Seen Nothing Yet
Let It Ride
Takin' Care of Business
Bachman-Turner Overdrive
49.2%
First I Look at the Purse
Freeze Frame
Centerfold
The J. Geils Band
49%
Shining Star
Boogie Wonderland
September
Earth Wind and Fire
48.7%
Slow Ride
Fool for the City
I Just Want to Make Love to You
Foghat
48.4%
The Logical Song
Goodbye Stranger
Give A Little Bit
Supertramp
48.4%
Vacation
Our Lips are Sealed
We Got the Beat
The Go-Go's
47.8%
Dream Police
Auf Wiedersehen
I Want You to Want Me
Cheap Trick
47.5%
Brass in Pocket
Back on the Chain Gang
Don't Get Me Wrong
The Pretenders
47.1%
The Devil Went Down to Georgia
Long Haired Country Boy
The South's Gonna Do it Again
The Charlie Daniels Band
46.7%
You've Got Another Thing Comin'
Living After Midnight
Breaking the Law
Judas Priest
46.4%
Look at the Cadillac
Stray Cat Strut
Rock This Town
Stray Cats
45.7%
Songs Band % Correct
Go Now
The Story in Your Eyes
Nights in White Satin
The Moody Blues
45.6%
Blinded By the Light
Questions
Mighty Quinn
Manfred Mann's Earth Band
45.5%
These Eyes
Share the Land
American Woman
The Guess Who
45.5%
The Weight
The Night They Drove Old Dixie Down
Up On Cripple Creek
The Band
45.4%
One Bourbon, One Scotch, One Beer
Born to Be Bad
Bad to the Bone
George Thorogood & the Destroyers
45.2%
Good Times Roll
Magic
My Best Friend's Girl
The Cars
45%
Don't You Want Me
Mirror Man
Human
The Human League
43.9%
Summertime
Piece of My Heart
Down on Me
Big Brother and the Holding Company
43.4%
Reelin' In the Years
Deacon Blues
Bodhisattva
Steely Dan
43.1%
Happy Together
You Showed Me
Elenore
The Turtles
42.8%
Going to the Run
Twilight Zone
Radar Love
Golden Earring
42.8%
Old Fashioned Love Song
One
Joy to the World
Three Dog Night
42.1%
Flowers and Beads
In-A-Gadda-Da-Vida
Soul Experience
Iron Butterfly
41.1%
Spill the Wine
Why Can't We Be Friends
Low Rider
War
41%
Don't Cry
Heat of the Moment
Only Time Will Tell
Asia
40.8%
Can't Get Enough
Shooting Star
Feel Like Makin' Love
Bad Company
40.7%
Thank You (Falettinme Be Mice Elf Agin)
Family Affair
Everyday People
Sly & the Family Stone
40.5%
Original Sin
What You Need
Need You Tonight
INXS
40.5%
Truckin'
Fire on the Mountain
Casey Jones
Grateful Dead
40.4%
Rainbow in the Dark
Holy Diver
The Last in Line
Dio
40.4%
Black Betty
Gone Wild
404
Ram Jam
39.9%
With a Girl Like You
Love Is All Around
Wild Thing
The Troggs
39.7%
One Step Beyond
Baggy Trousers
Our House
Madness
39.6%
All Right Now
Wishing Well
Fire and Water
Free
39.2%
This Flight Tonight
Hair of the Dog
Love Hurts
Nazareth
39.1%
20th Century Boy
Telegram Sam
Get It On
T. Rex
38.5%
Everything Will Turn Out Fine
Star
Stuck in the Middle With You
Stealers Wheel
38.3%
Suite: Judy Blue Eyes
Helpless
Our House
Crosby, Stills & Nash
37.5%
Will the Wolf Survive
Anselma
La Bamba
Los Lobos
37.1%
Wig-Wam Bam
Love Is Like Oxygen
Ballroom Blitz
Sweet
36.9%
Tell Her No
Time of the Season
She's Not There
The Zombies
36.1%
The Kid is Hot Tonite
Lovin' Every Minute of It
Working for the Weekend
Loverboy
36%
Sister Christian
(You Can Still) Rock in America
When You Close Your Eyes
Night Ranger
35.8%
Lay it Down
Wanted Man
Round and Round
Ratt
35.7%
For What It's Worth
Go And Say Goodbye
Mr. Soul
Buffalo Springfield
35.6%
Conquistador
In Held 'Twas In I
A Whiter Shade of Pale
Procol Harum
35.3%
Roll Away the Stone
All the Young Dudes
Honaloochie Boogie
Mott the Hoople
35.2%
Caught Up in You
Hold On Loosely
Back Where You Belong
38 Special
34.1%
Heartbreaker
We're An American Band
Some Kind of Wonderful
Grand Funk Railroad
34%
Radio Radio
Pump It Up
Everyday I Write the Book
Elvis Costello & the Attractions
33.5%
Frankenstein
Alta Mira
Free Ride
The Edgar Winter Group
32.3%
Bang Your Head (Metal Health)
Party All Night
Slick Black Cadillac
Quiet Riot
31.8%
Mississippi Queen
Long Red
For Yasgur's Farm
Mountain
31.6%
What I Like About You
Tell It to Carrie
Talking in Your Sleep
The Romantics
31.4%
Silent Lucidity
Queen of the Reich
I Don't Believe in Love
Queensrÿche
29.7%
Daydream
Do You Believe In Magic
Summer in the City
The Lovin' Spoonful
29.5%
She Sells Sanctuary
Love Removal Machine
Fire Women
The Cult
29.3%
Search And Destroy
1970
I Wanna Be Your Dog
The Stooges
29.2%
Love Struck Baby
Scuttle Buttin'
Pride and Joy
Stevie Ray Vaughan and Double Trouble
28.8%
Big Bottom
Stonehenge
Tonight I'm Gonna Rock You Tonight
Spinal Tap
28.4%
Remove Ads.
Support Sporcle.
Get the best of Sporcle when you Go Orange. This ad-free experience offers more features, more stats, and more fun while also helping to support Sporcle. Thank you for becoming a member.

You're not logged in!

Compare scores with friends on all Sporcle quizzes.
OR
Log In

Sporcle TV

Today on Sporcle TV


Watch our educational content, quiz creation guides, and fun videos on Sporcle TV.

Show Comments

Extras

Top Quizzes Today


Score Distribution

Paid Content

Your Account Isn't Verified!

In order to create a playlist on Sporcle, you need to verify the email address you used during registration. Go to your Sporcle Settings to finish the process.

Report this User

Report this user for behavior that violates our Community Guidelines.

Details: